[Event "Mississauga Fall op"]
[Site "Mississaouga CAN"]
[Date "2022.10.08"]
[Round "2.4"]
[White "Chen, Richard"]
[Black "Cummings, David"]
[Result "0-1"]
[WhiteElo "2219"]
[BlackElo "2394"]
[PlyCount "124"]
[EventDate "2022.10.07"]
[EventType "swiss"]
[EventRounds "5"]
[EventCountry "CAN"]

1. e4 c6 2. d4 d5 3. Nc3 dxe4 4. Nxe4 Nf6 5. Nxf6+ exf6 6. Nf3 Bd6 7. Bd3 O-O
8. O-O Bg4 9. h3 Bh5 10. c3 Re8 11. Be3 Nd7 12. g4 Bg6 13. Nh4 Bxd3 14. Qxd3 g6
15. Ng2 Nc5 16. Qc4 Ne6 17. Rad1 Ng7 18. d5 c5 19. Bh6 Qd7 20. Qd3 Re7 21. Rfe1
Rd8 22. Rxe7 Bxe7 23. Bxg7 Kxg7 24. b3 Bd6 25. Re1 Rh8 26. f4 h5 27. Qf3 hxg4
28. hxg4 b5 29. c4 b4 30. Ne3 a5 31. Re2 a4 32. Rh2 Rxh2 33. Kxh2 axb3 34. axb3
Qa7 35. Kg3 Qa2 36. Qd1 Kf8 37. Kf3 Qh2 38. f5 g5 39. Ke4 Be5 40. Kd3 Bd4 41.
Qe2 Qg3 42. Kd2 Bc3+ 43. Kc2 Be5 44. Nd1 Ke7 45. Ne3 Kd7 46. Nd1 Bd4 47. Qe4
Qh2+ 48. Kb1 Qd2 49. Qc2 Qe1 50. Ka2 Qg1 51. Qe2 Be5 52. Nb2 Qc1 53. Qf2 Kd6
54. Qe2 Qg1 55. Qe4 Qh2 56. Qb1 Qe2 57. Qc1 Qxg4 58. Qc2 Qd4 59. Kb1 g4 60. Kc1
Qxb2+ 61. Qxb2 Bxb2+ 62. Kxb2 g3 0-1

[Event "Mississauga Fall op"]
[Site "Mississaouga CAN"]
[Date "2022.10.08"]
[Round "2.5"]
[White "Xu, Eddie"]
[Black "Li, William"]
[Result "0-1"]
[WhiteElo "2035"]
[BlackElo "2276"]
[PlyCount "48"]
[EventDate "2022.10.07"]
[EventType "swiss"]
[EventRounds "5"]
[EventCountry "CAN"]

1. d4 Nf6 2. c4 e6 3. Nc3 Bb4 4. f3 c5 5. d5 d6 6. e4 b5 7. a3 Ba5 8. Bd3 O-O
9. Nge2 bxc4 10. Bxc4 Nxd5 11. Bxd5 exd5 12. Qxd5 Qc7 13. Bf4 Rd8 14. O-O-O Nc6
15. Bxd6 Qb7 16. Qxc5 Bb6 17. Qg5 h6 18. Qg3 Be3+ 19. Kb1 Be6 20. Nd5 Rab8 21.
Nb4 a5 22. Bxb8 Rxb8 23. f4 Nxb4 24. Qxe3 Nd3 0-1

[Event "Mississauga Fall op"]
[Site "Mississaouga CAN"]
[Date "2022.10.08"]
[Round "2.6"]
[White "Joseph Benher, Savio"]
[Black "Loadman, Ian"]
[Result "0-1"]
[WhiteElo "2142"]
[BlackElo "2119"]
[PlyCount "53"]
[EventDate "2022.10.07"]
[EventType "swiss"]
[EventRounds "5"]
[EventCountry "CAN"]

1. d4 Nf6 2. c4 g6 3. Nc3 Bg7 4. e4 d6 5. Nf3 O-O 6. h3 Nc6 7. Be3 e5 8. d5 Nd4
9. Nxd4 exd4 10. Bxd4 Nxe4 11. Bxg7 Re8 12. Qd4 Nxc3+ 13. Kd2 Ne4+ 14. Kc2 f6
15. Bd3 Kxg7 16. b4 Bd7 17. h4 c5 18. dxc6 bxc6 19. g4 c5 20. Qe3 d5 21. h5 g5
22. Rae1 Qb6 23. h6+ Kh8 24. Qf3 Ba4+ 25. Kc1 Qxb4 26. Re2 Qc3+ 27. Bc2 0-1

[Event "Mississauga Fall op"]
[Site "Mississaouga CAN"]
[Date "2022.10.08"]
[Round "2.7"]
[White "Munro, Allan"]
[Black "Khanna, Ravi"]
[Result "1/2-1/2"]
[WhiteElo "2156"]
[BlackElo "2047"]
[PlyCount "109"]
[EventDate "2022.10.07"]
[EventType "swiss"]
[EventRounds "5"]
[EventCountry "CAN"]

1. d4 Nf6 2. Bg5 Nc6 3. Bxf6 exf6 4. e3 d5 5. g3 Bf5 6. Bg2 Nb4 7. Na3 c6 8. c3
Nd3+ 9. Kf1 Nxb2 10. Qb3 Qb6 11. Ne2 Bd3 12. Bf3 Bxa3 13. Qxa3 Nc4 14. Qc1 Qa6
15. Kg2 Na3 16. Nf4 Bc4 17. e4 dxe4 18. Bxe4 O-O 19. Re1 Rfe8 20. Kg1 Qa5 21.
Ng2 Nb5 22. Re3 g6 23. a4 Nd6 24. Bf3 Bd5 25. Be2 Bxg2 26. Kxg2 Rxe3 27. Qxe3
Re8 28. Qd3 Ne4 29. c4 f5 30. Bf3 Qc3 31. Qxc3 Nxc3 32. a5 a6 33. Ra3 Ne4 34.
Re3 Kf8 35. Be2 Nd2 36. c5 Rxe3 37. fxe3 Nb3 38. Bc4 Nxa5 39. Ba2 f6 40. Kf2
Ke7 41. Ke2 b5 42. cxb6 Kd6 43. Bg8 h6 44. Bh7 g5 45. Bxf5 c5 46. Bc8 cxd4 47.
Bxa6 Kc5 48. b7 Nc6 49. exd4+ Kxd4 50. Bb5 Nb8 51. Kf3 f5 52. h4 Ke5 53. hxg5
hxg5 54. Ke3 f4+ 55. gxf4+ 1/2-1/2

[Event "Mississauga Fall op"]
[Site "Mississaouga CAN"]
[Date "2022.10.08"]
[Round "2.8"]
[White "Ajith, Aayush"]
[Black "Oancea, Nicolae"]
[Result "0-1"]
[WhiteElo "2083"]
[BlackElo "2033"]
[PlyCount "60"]
[EventDate "2022.10.07"]
[EventType "swiss"]
[EventRounds "5"]
[EventCountry "CAN"]

1. d4 e6 2. c4 Bb4+ 3. Bd2 a5 4. Nf3 d6 5. e4 Nc6 6. Bxb4 axb4 7. Qb3 Nf6 8.
Nbd2 d5 9. cxd5 exd5 10. e5 Ne4 11. Bb5 O-O 12. Bxc6 bxc6 13. Qxb4 Ba6 14. Qb3
Qd7 15. Qe3 Rfb8 16. b3 c5 17. dxc5 Qb5 18. Nd4 Qxc5 19. Nxe4 dxe4 20. Rc1 Qa3
21. Nc6 Rb6 22. Qd2 Bd3 23. Nd4 c5 24. Ne2 c4 25. Nd4 Qc5 26. Qb2 Qxe5 27. Qa1
Rd6 28. Nc2 Qh5 29. f3 exf3 30. Ne3 fxg2 0-1

[Event "Mississauga Fall op"]
[Site "Mississaouga CAN"]
[Date "2022.10.08"]
[Round "3.1"]
[White "Mendes, Aaron Reeve"]
[Black "Qiao, Cindy"]
[Result "1-0"]
[WhiteElo "2145"]
[BlackElo "2031"]
[PlyCount "109"]
[EventDate "2022.10.07"]
[EventType "swiss"]
[EventRounds "5"]
[EventCountry "CAN"]

1. e4 d5 2. exd5 Qxd5 3. Nc3 Qd8 4. d4 Nf6 5. Bc4 a6 6. Nf3 b5 7. Bb3 e6 8. Bg5
Be7 9. Qe2 O-O 10. O-O-O c6 11. h4 Qc7 12. Bxf6 Bxf6 13. Qe4 c5 14. Qxa8 Bb7
15. Qa7 Nd7 16. Nd5 exd5 17. Bxd5 Qf4+ 18. Kb1 Bxd5 19. Qxd7 Rd8 20. Rhe1 Be6
21. Qc6 cxd4 22. Qe4 Qc7 23. Nxd4 Bxd4 24. Rxd4 Rxd4 25. Qxd4 Qa5 26. Qc3 Qxa2+
27. Kc1 h6 28. b3 Qa3+ 29. Kb1 Qd6 30. Qd3 Qf4 31. Qg3 Qd4 32. Qf3 Qxh4 33.
Qa8+ Kh7 34. Qe4+ Qxe4 35. Rxe4 Bd5 36. Rg4 f5 37. Rd4 Bxg2 38. Kc1 h5 39. Kd2
g5 40. Ke3 g4 41. Kf4 Be4 42. c4 bxc4 43. bxc4 h4 44. c5 Kg7 45. Rd6 h3 46. Kg3
f4+ 47. Kh2 g3+ 48. fxg3 f3 49. Rd2 Bf5 50. c6 Kf6 51. c7 Bc8 52. Kg1 Ke7 53.
Rd8 Bb7 54. c8=Q f2+ 55. Kxf2 1-0

[Event "Mississauga Fall op"]
[Site "Mississaouga CAN"]
[Date "2022.10.08"]
[Round "3.2"]
[White "Li, William"]
[Black "Plotkin, Mark"]
[Result "0-1"]
[WhiteElo "2276"]
[BlackElo "2517"]
[PlyCount "100"]
[EventDate "2022.10.07"]
[EventType "swiss"]
[EventRounds "5"]
[EventCountry "CAN"]

1. d4 d5 2. c4 c6 3. Nf3 Nf6 4. e3 e6 5. Nbd2 Nbd7 6. Bd3 dxc4 7. Nxc4 b5 8.
Nce5 c5 9. O-O a6 10. a4 b4 11. Ng5 Nxe5 12. dxe5 Nd5 13. e4 Nb6 14. Qh5 Ra7
15. Rd1 g6 16. Qf3 Qe7 17. a5 Nd7 18. Qg3 Bg7 19. Nf3 h6 20. h4 O-O 21. h5 g5
22. Nxg5 Nxe5 23. Nf3 Nxf3+ 24. gxf3 Kh8 25. Kh1 Rd7 26. Rg1 f5 27. Bc2 f4 28.
Bxf4 Qf7 29. Be3 Qxh5+ 30. Qh2 Qxh2+ 31. Kxh2 Rxf3 32. Rg6 Bxb2 33. Rag1 Be5+
34. Kg2 Rf6 35. Rxf6 Bxf6 36. Rh1 c4 37. Ba4 Rc7 38. Bxh6 Kg8 39. Be3 Bd7 40.
Bb6 Rb7 41. Bd1 b3 42. f4 Bc6 43. Kf3 Rd7 44. Be2 Bb5 45. Rg1+ Kf7 46. e5 Be7
47. Ke3 c3 48. Bh5+ Kf8 49. f5 b2 50. Kf4 c2 0-1

[Event "Mississauga Fall op"]
[Site "Mississaouga CAN"]
[Date "2022.10.08"]
[Round "3.3"]
[White "Cummings, David"]
[Black "Loadman, Ian"]
[Result "1-0"]
[WhiteElo "2394"]
[BlackElo "2119"]
[PlyCount "51"]
[EventDate "2022.10.07"]
[EventType "swiss"]
[EventRounds "5"]
[EventCountry "CAN"]

1. c4 Nf6 2. Nc3 g6 3. e4 d6 4. d4 Bg7 5. h3 O-O 6. Be3 Nc6 7. d5 Ne5 8. f4
Ned7 9. Nf3 e5 10. dxe6 fxe6 11. g4 Nc5 12. Qc2 Qe7 13. O-O-O Bd7 14. e5 Nfe4
15. Nxe4 Nxe4 16. Bg2 Nc5 17. Rhe1 Ba4 18. b3 Bc6 19. Ng5 Bxg2 20. Qxg2 dxe5
21. Bxc5 Qxc5 22. Nxe6 Qa3+ 23. Kb1 exf4 24. Nxg7 f3 25. Qf2 Kxg7 26. Rd7+ 1-0

[Event "Mississauga Fall op"]
[Site "Mississaouga CAN"]
[Date "2022.10.08"]
[Round "3.4"]
[White "Liu, Henry"]
[Black "Kim, Noah"]
[Result "1-0"]
[WhiteElo "2182"]
[BlackElo "2077"]
[PlyCount "113"]
[EventDate "2022.10.07"]
[EventType "swiss"]
[EventRounds "5"]
[EventCountry "CAN"]

1. d4 Nf6 2. c4 g6 3. Nc3 Bg7 4. e4 d6 5. Nf3 O-O 6. Be2 Nbd7 7. O-O e5 8. Qc2
Qe7 9. Rd1 c6 10. Rb1 exd4 11. Nxd4 Nc5 12. f3 a5 13. b3 Re8 14. Bf1 Nh5 15.
Na4 Ne6 16. Nxe6 Bxe6 17. Ba3 c5 18. Bb2 f5 19. Bxg7 Nxg7 20. Qd2 Rad8 21. Bd3
fxe4 22. Bxe4 Bf5 23. Qd5+ Kh8 24. Rb2 Bxe4 25. fxe4 Ne6 26. Rf2 Nd4 27. Rdf1
Nc6 28. Rf7 Qh4 29. Rxb7 Ne5 30. Nc3 Rf8 31. Qd2 Rxf1+ 32. Kxf1 Qxh2 33. Qf2
Qh1+ 34. Ke2 Qh5+ 35. Kd2 Qg5+ 36. Kc2 Kg8 37. Qd2 Qh4 38. Kb2 Rf8 39. Qd5+ Nf7
40. Ka3 Qf6 41. Nb5 Qe5 42. Qxe5 dxe5 43. Ka4 Ra8 44. Rc7 h5 45. Rxc5 h4 46.
Rc6 Kg7 47. Nc7 Ra7 48. Kb5 Nd8 49. Ne6+ Nxe6 50. Rxe6 g5 51. Rxe5 Kf6 52. Rf5+
Kg6 53. c5 Re7 54. c6 Rxe4 55. Rc5 Re8 56. c7 Rc8 57. Kb6 1-0

[Event "Mississauga Fall op"]
[Site "Mississaouga CAN"]
[Date "2022.10.08"]
[Round "3.5"]
[White "Sharma, Vishruth"]
[Black "Oancea, Nicolae"]
[Result "1-0"]
[WhiteElo "2155"]
[BlackElo "2033"]
[PlyCount "85"]
[EventDate "2022.10.07"]
[EventType "swiss"]
[EventRounds "5"]
[EventCountry "CAN"]

1. e4 e6 2. d4 d5 3. Nc3 dxe4 4. Nxe4 Nd7 5. Nf3 Ngf6 6. Nxf6+ Nxf6 7. Bd3 Be7
8. O-O O-O 9. Ne5 c5 10. dxc5 Qc7 11. Re1 Qxc5 12. Qf3 Bd6 13. Bf4 Nd5 14. Qh3
f5 15. Bd2 Nb4 16. Bxb4 Qxb4 17. b3 Rf6 18. Bc4 b5 19. Qf3 bxc4 20. Qxa8 Rf8
21. Qc6 cxb3 22. axb3 Be7 23. Nd3 Qb8 24. Rxe6 Bf6 25. Re8 Kf7 26. Rxf8+ Kxf8
27. Qc5+ Be7 28. Qxa7 Qd6 29. Qa8 Qc7 30. c4 Kf7 31. Qa5 Qb8 32. Ne5+ Kf6 33.
Nc6 Qd6 34. Nxe7 Qxe7 35. Re1 Qd7 36. Qe5+ Kg6 37. c5 h6 38. Qd6+ Qxd6 39. cxd6
Kf6 40. b4 Bd7 41. f4 g5 42. g3 Bc6 43. Re5 1-0

[Event "Mississauga Fall op"]
[Site "Mississaouga CAN"]
[Date "2022.10.08"]
[Round "3.6"]
[White "Khanna, Ravi"]
[Black "Chen, Richard"]
[Result "1/2-1/2"]
[WhiteElo "2047"]
[BlackElo "2219"]
[PlyCount "131"]
[EventDate "2022.10.07"]
[EventType "swiss"]
[EventRounds "5"]
[EventCountry "CAN"]

1. e4 e5 2. Bc4 Bc5 3. d3 Ne7 4. Qh5 Ng6 5. Bg5 Be7 6. Nf3 O-O 7. Bxe7 Qxe7 8.
Ng5 h6 9. Nxf7 Kh7 10. f4 Nxf4 11. Qf3 d5 12. exd5 Qxf7 13. Nc3 Qh5 14. Qxh5
Nxh5 15. O-O-O Bg4 16. Rde1 Nd7 17. h3 Ng3 18. hxg4 Nxh1 19. Rxh1 Rf4 20. Nb5
Rxg4 21. Nxc7 Rf8 22. d6 Nb6 23. Be6 Rxg2 24. d7 Rd8 25. Bh3 Rf2 26. Ne6 Rxd7
27. Ng5+ Kg6 28. Bxd7 Nxd7 29. Ne6 Kf6 30. Nd8 Nc5 31. b4 Ke7 32. bxc5 Kxd8 33.
Rh5 Rf6 34. Rxe5 g5 35. Re4 h5 36. Re5 Rg6 37. Kd2 h4 38. Ke2 g4 39. Rh5 g3 40.
Kf1 g2+ 41. Kg1 Rg4 42. Rh7 Kc8 43. c3 Rg3 44. Rxh4 Rxd3 45. Rc4 Rd2 46. a4 Kc7
47. Rb4 Rc2 48. Rb3 Ra2 49. Rb4 Ra3 50. Kxg2 Rxc3 51. Kf2 Rxc5 52. Ke3 Rd5 53.
Rd4 Kc6 54. Rb4 a6 55. Ke4 b5 56. Rb1 Rd8 57. axb5+ axb5 58. Rc1+ Kb6 59. Rb1
Rh8 60. Kd4 Rh4+ 61. Kc3 Kc5 62. Rg1 b4+ 63. Kb3 Rh3+ 64. Kb2 Kc4 65. Rg2 Rc3
66. Rg8 1/2-1/2

[Event "Mississauga Fall op"]
[Site "Mississaouga CAN"]
[Date "2022.10.08"]
[Round "3.7"]
[White "Munro, Allan"]
[Black "Xu, Eddie"]
[Result "1/2-1/2"]
[WhiteElo "2156"]
[BlackElo "2035"]
[PlyCount "84"]
[EventDate "2022.10.07"]
[EventType "swiss"]
[EventRounds "5"]
[EventCountry "CAN"]

1. d4 d5 2. c4 e6 3. Nc3 Be7 4. cxd5 exd5 5. Bf4 c6 6. e3 Bf5 7. g4 Be6 8. h4
Nd7 9. g5 h6 10. g6 Ngf6 11. gxf7+ Bxf7 12. Bd3 Qb6 13. Qc2 O-O 14. Nge2 Nh5
15. Bh2 Ndf6 16. O-O-O Rae8 17. Rdg1 Qd8 18. Rg2 Bd6 19. Bxd6 Qxd6 20. Rhg1 b5
21. Ng3 Nxg3 22. Rxg3 Nh5 23. R3g2 Re7 24. Qd1 Be8 25. Kb1 a5 26. Ka1 a4 27.
Ne2 Rf6 28. Nc1 Rf8 29. Bb1 Nf6 30. Nd3 Bh5 31. f3 Rc8 32. Ne5 a3 33. Qd3 axb2+
34. Rxb2 Ra7 35. Rc1 Rcc7 36. Rb3 Be8 37. Rc5 Ra6 38. Qc2 Rb7 39. Qf5 Rb8 40.
Qc2 Rbb6 41. Qf5 Rb8 42. Qd3 Rbb6 1/2-1/2

[Event "Mississauga Fall op"]
[Site "Mississaouga CAN"]
[Date "2022.10.08"]
[Round "3.8"]
[White "Ajith, Aayush"]
[Black "Joseph Benher, Savio"]
[Result "1-0"]
[WhiteElo "2083"]
[BlackElo "2142"]
[PlyCount "117"]
[EventDate "2022.10.07"]
[EventType "swiss"]
[EventRounds "5"]
[EventCountry "CAN"]

1. d4 Nf6 2. c4 e6 3. Nc3 Bb4 4. Qc2 d5 5. cxd5 Qxd5 6. Nf3 c5 7. dxc5 Qxc5 8.
Be3 Bxc3+ 9. Qxc3 Qxc3+ 10. bxc3 O-O 11. Rb1 b6 12. g3 Bb7 13. Bg2 Nbd7 14. O-O
Rac8 15. Rfc1 Bd5 16. Nd4 Rc4 17. Rb4 Rfc8 18. Nb5 Bxg2 19. Kxg2 Nd5 20. Rxc4
Rxc4 21. Nxa7 Nxe3+ 22. fxe3 h5 23. Nb5 Ne5 24. h3 Rc5 25. Nd4 Nc4 26. e4 Ra5
27. Kf2 Rxa2 28. Rc2 Ra5 29. Nb3 Ra3 30. Nd4 Ra1 31. Nf3 Ra4 32. g4 hxg4 33.
hxg4 Nd6 34. e5 Ne4+ 35. Ke3 Nc5 36. Rb2 Re4+ 37. Kd2 Rxg4 38. Rxb6 Rg2 39.
Rb8+ Kh7 40. Rc8 Ne4+ 41. Ke3 Ng5 42. c4 Rg4 43. Nxg5+ Rxg5 44. Kd4 Rg1 45. Rb8
g5 46. Rb3 Kg6 47. c5 Rg4+ 48. e4 Rh4 49. c6 Rh8 50. Kc5 g4 51. c7 Rc8 52. Kd6
Kg5 53. Rb8 Rxc7 54. Kxc7 Kf4 55. Kd6 Kxe4 56. Rf8 g3 57. Rxf7 g2 58. Rg7 Kf3
59. Rxg2 1-0

[Event "Mississauga Fall op"]
[Site "Mississaouga CAN"]
[Date "2022.10.09"]
[Round "4.1"]
[White "Plotkin, Mark"]
[Black "Mendes, Aaron Reeve"]
[Result "1-0"]
[WhiteElo "2517"]
[BlackElo "2145"]
[PlyCount "123"]
[EventDate "2022.10.07"]
[EventType "swiss"]
[EventRounds "5"]
[EventCountry "CAN"]

1. e4 c5 2. c3 Nf6 3. e5 Nd5 4. d4 cxd4 5. Nf3 e6 6. cxd4 d6 7. Bd3 Nb4 8. Bc4
dxe5 9. dxe5 Qxd1+ 10. Kxd1 Bc5 11. Bd2 N4c6 12. Ke2 a6 13. Nc3 Nd7 14. Ne4 b5
15. Nxc5 Nxc5 16. Rhc1 Nxe5 17. Nxe5 bxc4 18. Rxc4 Nd7 19. Rac1 O-O 20. Rxc8
Nxe5 21. Rxa8 Rxa8 22. Rc7 Ng4 23. b4 Nf6 24. a4 h6 25. Kd3 Rd8+ 26. Kc2 Rd6
27. Be3 Nd7 28. Kb3 Kf8 29. Kc4 Ke8 30. Rc8+ Ke7 31. Bc5 Nxc5 32. Kxc5 Rd2 33.
Rc7+ Kf6 34. Kb6 Ra2 35. a5 Rxf2 36. Kxa6 e5 37. b5 e4 38. Kb7 e3 39. Rc3 Rf5
40. b6 e2 41. Re3 Re5 42. Rxe2 Rxa5 43. Rb2 g5 44. Kc7 Ra8 45. b7 Rh8 46. Rb6+
Ke5 47. Rxh6 Rxh6 48. b8=Q Re6 49. Kd7+ Kf6 50. Qb2+ Kg6 51. Qc2+ Kf6 52. Qc3+
Kg6 53. g4 Rf6 54. Qe5 Rf4 55. h3 f6 56. Qe6 Kg7 57. Ke7 f5 58. gxf5 Re4 59.
Qxe4 Kh8 60. Kf7 Kh7 61. Qe5 Kh6 62. Qh8# 1-0

[Event "Mississauga Fall op"]
[Site "Mississaouga CAN"]
[Date "2022.10.09"]
[Round "4.2"]
[White "Cummings, David"]
[Black "Sharma, Vishruth"]
[Result "1-0"]
[WhiteElo "2394"]
[BlackElo "2155"]
[PlyCount "57"]
[EventDate "2022.10.07"]
[EventType "swiss"]
[EventRounds "5"]
[EventCountry "CAN"]

1. d4 Nf6 2. c4 d6 3. Nc3 Nbd7 4. e4 e5 5. d5 Nc5 6. f3 a5 7. Be3 Be7 8. Qd2
O-O 9. O-O-O h5 10. h4 Nh7 11. f4 exf4 12. Bxc5 dxc5 13. Nf3 Bg4 14. e5 Bxf3
15. gxf3 Bxh4 16. Qh2 g5 17. Qg1 Kh8 18. Qxc5 Re8 19. d6 cxd6 20. exd6 Nf6 21.
Qd4 Kg8 22. Rxh4 gxh4 23. Qxf4 Nd7 24. Nd5 Re5 25. Bh3 Rxd5 26. Rxd5 Nf8 27.
Rg5+ Ng6 28. Be6 Kh8 29. Rxh5+ 1-0

[Event "Mississauga Fall op"]
[Site "Mississaouga CAN"]
[Date "2022.10.09"]
[Round "4.3"]
[White "Qiao, Cindy"]
[Black "Liu, Henry"]
[Result "1-0"]
[WhiteElo "2031"]
[BlackElo "2182"]
[PlyCount "153"]
[EventDate "2022.10.07"]
[EventType "swiss"]
[EventRounds "5"]
[EventCountry "CAN"]

1. d4 d5 2. Bf4 c5 3. c3 Nc6 4. e3 Nf6 5. Nf3 Qb6 6. Qc2 g6 7. Nbd2 Bg7 8. Be2
Bf5 9. dxc5 Qxc5 10. Bd3 Bxd3 11. Qxd3 Nh5 12. Bg3 Nxg3 13. hxg3 O-O 14. O-O
Rfd8 15. e4 dxe4 16. Qxe4 Qd5 17. Rfe1 b5 18. Qxd5 Rxd5 19. c4 bxc4 20. Nxc4
Rb8 21. Rab1 e5 22. b3 f5 23. Rbd1 Rbd8 24. Rxd5 Rxd5 25. Ng5 Bf6 26. Ne6 Kf7
27. Nc7 Rd7 28. Nb5 a6 29. Nc3 Ke6 30. Na4 Be7 31. Nab6 Rd8 32. Nxe5 Nxe5 33.
Nc4 Rd5 34. f4 Bb4 35. Re2 Rd1+ 36. Kh2 Re1 37. Rxe1 Bxe1 38. Nxe5 Bf2 39. Kh3
g5 40. Nd3 g4+ 41. Kh4 Bg1 42. Kg5 a5 43. b4 axb4 44. Nxb4 Bf2 45. a4 Bxg3 46.
Nd3 Bh2 47. a5 Bg1 48. a6 g3 49. Nb4 Be3 50. Nc6 Kd5 51. Ne7+ Ke4 52. Nxf5
Bxf4+ 53. Kg4 Bb8 54. Nd6+ Kd5 55. Nb5 Kc6 56. a7 Bxa7 57. Nxa7+ Kd5 58. Kxg3
Ke5 59. Nc6+ Kf5 60. Kh4 Kg6 61. Ne7+ Kh6 62. g4 Kg7 63. Kh5 Kh8 64. Nd5 Kg7
65. Kg5 h6+ 66. Kh5 Kh7 67. Ne3 Kg7 68. Nf5+ Kh7 69. Nxh6 Kh8 70. Nf5 Kh7 71.
Nd6 Kg7 72. Kg5 Kh7 73. Kf6 Kg8 74. Kg6 Kh8 75. Kf7 Kh7 76. g5 Kh8 77. Nf5 1-0

[Event "Mississauga Fall op"]
[Site "Mississaouga CAN"]
[Date "2022.10.09"]
[Round "4.4"]
[White "Chen, Richard"]
[Black "Li, William"]
[Result "0-1"]
[WhiteElo "2219"]
[BlackElo "2276"]
[PlyCount "84"]
[EventDate "2022.10.07"]
[EventType "swiss"]
[EventRounds "5"]
[EventCountry "CAN"]

1. e4 c5 2. Nf3 d6 3. d4 cxd4 4. Nxd4 Nf6 5. Nc3 a6 6. Be3 e5 7. Nb3 Be6 8. f3
Be7 9. Qd2 O-O 10. O-O-O Nbd7 11. g4 b5 12. Nd5 Bxd5 13. exd5 Nb6 14. Bxb6 Qxb6
15. Na5 Rfc8 16. Nc6 Bf8 17. c4 bxc4 18. Bxc4 Rxc6 19. dxc6 Qxc6 20. Qc2 Rc8
21. b3 d5 22. g5 dxc4 23. gxf6 Qe6 24. fxg7 cxb3 25. gxf8=Q+ Kxf8 26. axb3
Rxc2+ 27. Kxc2 Qc6+ 28. Kb2 Qxf3 29. Rd8+ Kg7 30. Rg1+ Kf6 31. Rc1 e4 32. Re8
Kg5 33. Rc5+ f5 34. Ree5 Qf2+ 35. Ka3 h5 36. Ra5 Qf1 37. Re6 e3 38. Rae5 Kf4
39. Kb4 Qe1+ 40. Kc4 Qc1+ 41. Kb4 Qd2+ 42. Ka4 Qd4+ 0-1

[Event "Mississauga Fall op"]
[Site "Mississaouga CAN"]
[Date "2022.10.09"]
[Round "4.5"]
[White "Oancea, Nicolae"]
[Black "Munro, Allan"]
[Result "0-1"]
[WhiteElo "2033"]
[BlackElo "2156"]
[PlyCount "98"]
[EventDate "2022.10.07"]
[EventType "swiss"]
[EventRounds "5"]
[EventCountry "CAN"]

1. e4 c6 2. d4 d5 3. Nc3 dxe4 4. Nxe4 Bf5 5. Ng3 Bg6 6. N1e2 e6 7. Nf4 Bd6 8.
h4 Bxf4 9. Bxf4 h6 10. h5 Bh7 11. Qd2 Nf6 12. Be5 O-O 13. O-O-O Nbd7 14. Bd6
Re8 15. Bd3 Bxd3 16. Qxd3 Qa5 17. Kb1 Qd5 18. Bf4 c5 19. dxc5 Qxd3 20. Rxd3
Nxc5 21. Rd2 Red8 22. Rhd1 Rxd2 23. Rxd2 Rc8 24. Be3 b6 25. Rd4 Rc7 26. Rc4 Rd7
27. Kc1 Nb7 28. Rc8+ Kh7 29. c4 Ng4 30. Nf1 Nd6 31. Rb8 Nxc4 32. Kc2 Nf6 33.
Bc1 Nxh5 34. b3 Ne5 35. f3 Nd3 36. Be3 Ne1+ 37. Kb2 Nxg2 38. Bxb6 axb6 39. Rxb6
Rd1 40. a4 Rxf1 41. a5 Rd1 42. Rb7 Nf6 43. a6 Rd8 44. b4 Nd5 45. b5 Ra8 46. Kb3
h5 47. Kc4 h4 48. Kc5 h3 49. a7 h2 0-1

[Event "Mississauga Fall op"]
[Site "Mississaouga CAN"]
[Date "2022.10.09"]
[Round "4.6"]
[White "Khanna, Ravi"]
[Black "Ajith, Aayush"]
[Result "1-0"]
[WhiteElo "2047"]
[BlackElo "2083"]
[PlyCount "99"]
[EventDate "2022.10.07"]
[EventType "swiss"]
[EventRounds "5"]
[EventCountry "CAN"]

1. e4 c5 2. d4 cxd4 3. c3 Nf6 4. e5 Nd5 5. Qxd4 e6 6. Nf3 b6 7. Bd3 Qc7 8. O-O
Nc6 9. Qe4 d6 10. exd6 Bxd6 11. Re1 Nf6 12. Qh4 Bb7 13. b4 O-O-O 14. Na3 Bxh2+
15. Nxh2 Rxd3 16. Qc4 Rd5 17. Nb5 Qb8 18. Bf4 e5 19. Bg3 a6 20. Nd4 Qc7 21.
Ndf3 b5 22. Qb3 Re8 23. a4 Qd7 24. axb5 axb5 25. c4 bxc4 26. Qxc4 e4 27. b5
exf3 28. bxc6 Rxe1+ 29. Rxe1 Qxc6 30. Qf4 Rc5 31. Qb8+ Kd7 32. Ng4 Ne4 33. Ne5+
Rxe5 34. Bxe5 fxg2 35. Rd1+ Ke6 36. Bxg7 f6 37. Qg8+ Ke5 38. Bh6 Qb6 39. Be3
Qc6 40. Qxh7 Bc8 41. Qh2+ Ke6 42. Qxg2 f5 43. Qg6+ Nf6 44. Bd4 Qf3 45. Qxf6+
Kd7 46. Qg7+ Kc6 47. Rc1+ Kb5 48. Qe5+ Ka6 49. Ra1+ Kb7 50. Ra7+ 1-0

[Event "Mississauga Fall op"]
[Site "Mississaouga CAN"]
[Date "2022.10.09"]
[Round "4.7"]
[White "Kim, Noah"]
[Black "Xu, Eddie"]
[Result "1/2-1/2"]
[WhiteElo "2077"]
[BlackElo "2035"]
[PlyCount "178"]
[EventDate "2022.10.07"]
[EventType "swiss"]
[EventRounds "5"]
[EventCountry "CAN"]

1. Nf3 d5 2. e3 Nf6 3. c4 e6 4. Nc3 c6 5. d4 Nbd7 6. Qc2 Bd6 7. Bd3 O-O 8. O-O
a6 9. Rd1 Qe7 10. e4 dxc4 11. Bxc4 e5 12. h3 exd4 13. Nxd4 Ne5 14. Be2 Bc5 15.
Be3 Rd8 16. a3 Ng6 17. Rd2 Bd7 18. Rad1 h6 19. Bf1 Nh4 20. Be2 Re8 21. b4 Ba7
22. f3 Bb8 23. Bd3 Nh5 24. Nce2 g5 25. Kf1 a5 26. Qb3 axb4 27. axb4 Qf6 28. Bf2
Ba7 29. Bc4 Re7 30. b5 cxb5 31. Bxb5 Bxb5 32. Qxb5 Ng6 33. Nf5 Bxf2 34. Nxe7+
Qxe7 35. Kxf2 Ne5 36. Qd5 Nf4 37. Nxf4 gxf4 38. Qd6 Qg5 39. Kf1 Nc4 40. Qd3
Ne3+ 41. Kg1 Nxd1 42. Rxd1 Ra2 43. Qd8+ Qxd8 44. Rxd8+ Kg7 45. Rd5 Rb2 46. Rf5
b5 47. Rxf4 b4 48. Rf5 Kg6 49. Kh2 b3 50. Kg3 Rc2 51. Rb5 b2 52. Rb6+ Kg7 53.
f4 Kf8 54. e5 Ke7 55. f5 Kd7 56. e6+ fxe6 57. fxe6+ Ke7 58. Kf3 Kf6 59. g4 Rc6
60. Rxb2 Rxe6 61. Kf4 Ra6 62. Rb4 Ra5 63. h4 Rc5 64. g5+ hxg5+ 65. hxg5+ Kg6
66. Rb6+ Kg7 67. Kg4 Ra5 68. Kh5 Ra8 69. Rb7+ Kg8 70. Kh6 Rc8 71. Ra7 Rb8 72.
Kh5 Rc8 73. g6 Rb8 74. Kh6 Kh8 75. Rc7 Ra8 76. Kg5 Kg8 77. Rb7 Kf8 78. Kf6 Ra6+
79. Kf5 Kg8 80. Rb8+ Kg7 81. Rb7+ Kg8 82. Rd7 Rb6 83. Kg5 Ra6 84. Rd8+ Kg7 85.
Rd7+ Kg8 86. Kh6 Ra8 87. Rf7 Rb8 88. Rg7+ Kh8 89. Ra7 Kg8 1/2-1/2

[Event "Mississauga Fall op"]
[Site "Mississaouga CAN"]
[Date "2022.10.09"]
[Round "5.1"]
[White "Plotkin, Mark"]
[Black "Cummings, David"]
[Result "1/2-1/2"]
[WhiteElo "2517"]
[BlackElo "2394"]
[PlyCount "136"]
[EventDate "2022.10.07"]
[EventType "swiss"]
[EventRounds "5"]
[EventCountry "CAN"]

1. d4 Nf6 2. c4 e6 3. Nc3 Bb4 4. e3 O-O 5. Bd3 d5 6. Nf3 dxc4 7. Bxc4 c5 8. O-O
Nc6 9. Bd3 cxd4 10. exd4 b6 11. Ne4 Nd5 12. Neg5 h6 13. Ne4 Bb7 14. a3 Be7 15.
b4 Nf6 16. Ng3 Rc8 17. Re1 Qd5 18. Bb2 Rfd8 19. Qe2 Bf8 20. Rac1 Ne7 21. Bc4
Qd6 22. Ne5 Ned5 23. Qd2 Rc7 24. Rcd1 Rdc8 25. Rc1 g6 26. h4 Bg7 27. Ba2 Rxc1
28. Rxc1 Rxc1+ 29. Qxc1 Qc7 30. Qd2 Nd7 31. Nd3 h5 32. Bb1 Qd8 33. Ne4 Qe7 34.
Ng5 e5 35. dxe5 Nxe5 36. Bxe5 Bxe5 37. Nxe5 Qxe5 38. Be4 b5 39. f4 Qd6 40. g3
Qb6+ 41. Qf2 Qxf2+ 42. Kxf2 Bc6 43. Nf3 Nxb4 44. Bxg6 fxg6 45. axb4 Kg7 46. Ne5
Bb7 47. Ke3 Kf6 48. Kd4 Kf5 49. Kc5 a6 50. Kb6 Bg2 51. Kxa6 Bf1 52. Kb6 Be2 53.
Kc5 Bf1 54. Kd6 Kf6 55. Nf3 Kf5 56. Ne5 Kf6 57. Kd5 Bg2+ 58. Kd4 Kf5 59. Ke3
Bd5 60. Nd7 Bc6 61. Nc5 Kg4 62. Kf2 Kf5 63. Nd3 Ke4 64. Ne5 Be8 65. Ke2 Kd4 66.
Kd2 Ke4 67. Ke2 Kd4 68. Kd2 Ke4 1/2-1/2

[Event "Mississauga Fall op"]
[Site "Mississaouga CAN"]
[Date "2022.10.09"]
[Round "5.2"]
[White "Li, William"]
[Black "Qiao, Cindy"]
[Result "1-0"]
[WhiteElo "2276"]
[BlackElo "2031"]
[PlyCount "63"]
[EventDate "2022.10.07"]
[EventType "swiss"]
[EventRounds "5"]
[EventCountry "CAN"]

1. a3 d5 2. Nf3 Nf6 3. b3 c5 4. Bb2 Nc6 5. e3 a6 6. c4 Bg4 7. cxd5 Qxd5 8. Nc3
Qh5 9. Be2 e5 10. d3 Bd6 11. Ne4 Nxe4 12. dxe4 Rd8 13. Qc2 O-O 14. O-O Bxf3 15.
Bxf3 Qg6 16. Qe2 Na5 17. Bc3 Nc6 18. Rfd1 Qh6 19. h3 Rfe8 20. Rd5 Qf6 21. Rad1
Qe7 22. Bg4 g6 23. h4 h5 24. Bh3 Nd4 25. exd4 exd4 26. Ba5 Bh2+ 27. Kxh2 Rxd5
28. g3 Rd6 29. e5 b6 30. Bd2 f6 31. Qc4+ Kh7 32. exd6 1-0